| 000 | 01114nam a2200313 4500 | ||
|---|---|---|---|
| 001 | 0000012591 | ||
| 003 | CO-CtgCURN | ||
| 005 | 20260318130852.0 | ||
| 007 | ta | ||
| 008 | 160627s1980 000 0 eng d | ||
| 020 | _a9684267142 | ||
| 040 |
_aCO-CtgCURN _bspa _ccoctgcurn |
||
| 082 | 0 |
_a617 _bS381m |
|
| 100 | 1 | _aSchrock, Theodore R. | |
| 245 | 1 | 0 |
_aManual de cirugia / _cTheodore R. Schrock. |
| 250 | _a7a ed. | ||
| 260 |
_aMexico : _bManual Moderno, _c1980. |
||
| 300 | _a868 p. | ||
| 336 | _2rdacontent | ||
| 337 |
_2rdamedia _asin mediacion _bn |
||
| 338 |
_2rdacarrier _avolumen _bnc |
||
| 500 | _aIncluye indice. | ||
| 505 | 8 | _aAnestesia. Infecciones quirurgicas. Cirugia vascular. Trasplante de organos. Neurocirugia.--Cirugia de mano.--Choque.--Cuidados preoperatorio.--Fracturas.--Luxaciones.--Hernias abdominales.--Ortopedia.--Cirugia pediatrica.--Cirugia plastica.--Corazon | |
| 590 | _aCirugĂa general (Medicina) | ||
| 650 | 1 | 4 |
_aCirugia _vManuales. |
| 908 | _a160627 | ||
| 942 |
_cBK _h617 _iS381m _2ddc |
||
| 999 |
_c23113 _d23113 |
||